Central Library OPAC University of Rajshahi

The Mexican rescue / (Record no. 43964)

MARC details
000 -LEADER
fixed length control field 00773nam a2200265 a 4500
001 - CONTROL NUMBER
control field 43964
003 - CONTROL NUMBER IDENTIFIER
rucl marc code BD-RjUL
005 - DATE AND TIME OF LATEST TRANSACTION
control field 20211209053758.0
008 - FIXED-LENGTH DATA ELEMENTS--GENERAL INFORMATION
fixed length control field 840601s1984 nyu 000 0 eng
020 ## - INTERNATIONAL STANDARD BOOK NUMBER
Terms of availability $15.00 (pbk.)
035 ## - SYSTEM CONTROL NUMBER
System control number (BD-RjUL)44082
040 ## - CATALOGING SOURCE
Original cataloging agency DLC
Transcribing agency DLC
Modifying agency DLC
-- BD-RjUL
Language of cataloging eng
041 ## - LANGUAGE CODE
Language code of text/sound track or separate title eng
082 00 - DEWEY DECIMAL CLASSIFICATION NUMBER
Classification number 336.340972
Edition number 23
Author mark and year KRM 1984
100 10 - MAIN ENTRY--PERSONAL NAME
Personal name Kraft, Joseph.
9 (RLIN) 135049
245 10 - TITLE STATEMENT
Title The Mexican rescue /
Statement of responsibility, etc. Joseph Kraft.
260 ## - PUBLICATION, DISTRIBUTION, ETC. (IMPRINT)
Place of publication, distribution, etc. New York :
Name of publisher, distributor, etc. Group of Thirty,
Date of publication, distribution, etc. 1984.
300 ## - PHYSICAL DESCRIPTION
Pagination 66 p. ;
Size 23 cm.
650 #0 - SUBJECT ADDED ENTRY--TOPICAL TERM
Topical term or geographic name as entry element Debts, External
Geographic subdivision Mexico.
9 (RLIN) 135050
Topical term or geographic name as entry element Loans, Foreign
Geographic subdivision Mexico.
9 (RLIN) 135051
Topical term or geographic name as entry element International finance.
9 (RLIN) 133634
651 #0 - SUBJECT ADDED ENTRY--GEOGRAPHIC NAME
Geographic name Mexico
General subdivision Economic policy
Chronological subdivision 1970-
9 (RLIN) 134609
942 ## - ADDED ENTRY ELEMENTS (KOHA)
Source of classification or shelving scheme Dewey Decimal Classification
Koha item type Books
Holdings
Lost status Source of classification or shelving scheme Damaged status Not for loan Collection code Permanent Location Current Location Shelving location Date acquired Total Checkouts Full call number Date last seen Copy number Koha item type
  Dewey Decimal Classification     Non-fiction Central Library, University of Rajshahi Central Library, University of Rajshahi   02/03/1986   336.340972 KRM 1984 29/06/2016 C-2 Books